=LDR 00000nam 2200000 4500 =001 INLIS000000000007916 =005 20130612095838 =008 ***********************************Ind** =035 ##$$0010-061300000007916 =041 ##$$a Ind =082 ##$$a 001.640 =090 ##$$a 001.640 4, Gro w =100 ##$$a Gront, Eileen =245 ##$$a Wordstar untuk sekuritoris, Eileen Gront ; alih bahasa, Suryokusumo =260 ##$$a 1987 $b Jakarta =300 ##$$a ... jil, 30 cm =650 ##$$a Komputer-Wordstar =700 ##$$a Suryokusumo